Theory of Interacting Quantum Fields

Detalles Bibliográficos
Autor Principal: Rebenko A. L. Alexei
Summary:This monograph is devoted to the systematic presentation of foundations of the quantum field theory. Unlike numerous monographs devoted to this topic, a wide range of problems covered in this book are accompanied by their sufficiently clear interpretations and applications. An important significant feature of this monograph is the desire of the author to present mathematical problems of the quantum field theory with regard to new methods of the constructive and Euclidean field theory that appeared in the last thirty years of the 20,h century and are based on the rigorous mathematical apparatus of functional analysis, the theory of operators, and the theory of generalized functions.The monograph is useful for students, post-graduate students, and young scientists who desire to understand not only the formality of construction of the quantum field theory but also its essence and connection with the classical mechanics, relativistic classical field theory, quantum mechanics, group theory, and the theory of path integral formalism.
Idioma:inglés
Publicado: Berlin, De Gruyter, 2012
Series:Studies in Mathematics 39
Subjects:
Formato: Libro
KOHA link:https://koha.lib.tpu.ru/cgi-bin/koha/opac-detail.pl?biblionumber=236486

MARC

LEADER 00000nam0a2200000 4500
001 236486
005 20231101231457.0
010 |a 9783110250626 
035 |a (RuTPU)RU\TPU\book\257651 
090 |a 236486 
100 |a 20130424d2012 k y0engy50 ba 
101 0 |a eng 
102 |a DE 
105 |a a z 001zy 
200 1 |a Theory of Interacting Quantum Fields  |f A. L. Rebenko 
210 |a Berlin  |c De Gruyter  |d 2012 
215 |a 568 p.  |c il. 
225 1 |a Studies in Mathematics  |v 39 
320 |a Bibliography: p. 549-561. 
320 |a Index: p. 562-568. 
330 |a This monograph is devoted to the systematic presentation of foundations of the quantum field theory. Unlike numerous monographs devoted to this topic, a wide range of problems covered in this book are accompanied by their sufficiently clear interpretations and applications. An important significant feature of this monograph is the desire of the author to present mathematical problems of the quantum field theory with regard to new methods of the constructive and Euclidean field theory that appeared in the last thirty years of the 20,h century and are based on the rigorous mathematical apparatus of functional analysis, the theory of operators, and the theory of generalized functions.The monograph is useful for students, post-graduate students, and young scientists who desire to understand not only the formality of construction of the quantum field theory but also its essence and connection with the classical mechanics, relativistic classical field theory, quantum mechanics, group theory, and the theory of path integral formalism. 
606 1 |a Квантовые поля  |2 stltpush  |3 (RuTPU)RU\TPU\subj\52447  |9 70882 
610 1 |a физика 
610 1 |a теоретическая физика 
610 1 |a квантовая физика 
610 1 |a квантовые взаимодействия 
610 1 |a английский язык 
675 |a 530.145  |v 3 
700 1 |a Rebenko  |b A. L.  |g Alexei 
801 1 |a RU  |b 63413507  |c 20130424 
801 2 |a RU  |b 63413507  |c 20131122  |g RCR 
942 |c BK 
959 |a 87/20130424  |d 1  |e 0  |f ЧЗИЛ:1